Statistics for 99 Insects and Arachnids

Click here to take the quiz!

General Stats

  • This quiz has been taken 749 times
    (571 since last reset)
  • The average score is 30 of 99

Answer Stats

Answer% Correct
bee
93%
ant
92%
wasp
90%
spider
87%
fly
86%
butterfly
85%
moth
78%
beetle
77%
mosquito
75%
hornet
72%
grasshopper
71%
ladybug
70%
scorpion
69%
tarantula
68%
dragonfly
67%
cricket
64%
flea
64%
praying mantis
64%
centipede
63%
termite
61%
black widow
59%
cockroach
57%
tick
56%
millipede
54%
lice
51%
bumblebee
46%
earwig
46%
cicada
44%
dung beetle
43%
locust
43%
firefly
41%
mite
41%
aphid
38%
horsefly
38%
daddy long legs
36%
honey bee
36%
gnat
33%
mayfly
29%
silverfish
29%
bed bug
28%
housefly
28%
stinkbug
28%
yellow jacket
28%
stag beetle
27%
fruit fly
26%
scarab
25%
damselfly
24%
katydid
23%
pillbug
23%
weevil
22%
wolf spider
22%
walking stick
20%
red ant
19%
antlion
18%
jumping spider
18%
midge
17%
crane fly
15%
Hercules beetle
15%
lacewing
15%
rhinoceros beetle
15%
water bug
15%
assassin bug
14%
botfly
11%
camel spider
11%
leaf insect
11%
goliath beetle
10%
leafhopper
10%
stonefly
10%
water strider
9%
caddisfly
8%
paper wasp
8%
springtail
7%
carpenter ant
6%
carpenter bee
6%
crab spider
6%
dobsonfly
6%
sawfly
6%
thrip
6%
tree hopper
6%
click beetle
5%
deerfly
5%
japanese beetle
5%
snakefly
5%
orb weaver spider
4%
Atlas beetle
2%
darner
2%
diving bell spider
2%
hopper
2%
lantern fly
2%
leafminer
2%
skimmer
2%
spittlebug
2%
whitefly
2%
chaser
1%
giant weta
1%
horntail
1%
rockcrawler
1%
wandering spider
1%
chinch bug
0%

Score Distribution

Percentile by Number Answered

Percent of People with Each Score

Your Score History

You have not taken this quiz since the last reset